| 000 | 00686cam a2200205 i 4500 | ||
|---|---|---|---|
| 999 |
_c9764 _d9764 |
||
| 003 | OSt | ||
| 005 | 20220302151350.0 | ||
| 008 | 130313t20132013nyua b 000 0 eng | ||
| 020 | _a9780231801508 | ||
| 082 | 0 | 0 |
_a658.403 _223 _bLIE |
| 100 | 1 | _aLiedtka, Jeanne. | |
| 245 | 1 | 0 |
_aSolving problems with design thinking : _b10 stories of what works / _cJeanne Liedtka, Andrew King, and Kevin Bennett. |
| 300 |
_axiv, 216 pages : _billustrations ; _c24 cm |
||
| 504 | _aIncludes bibliographical references. | ||
| 650 | 0 | _aCreative ability in business. | |
| 650 | 0 | _aDesign. | |
| 700 | 1 |
_aKing, Andrew _q(Andrew Courtland) |
|
| 700 | 1 |
_aBennett, Kevin B. _q(Kevin Bruce), _d1957- |
|
| 942 | _2ddc | ||